000 00415nam a2200157 a 4500
005 20140310183147.0
008 020826s19uu xx 00 eng d
050 _aPS 3553.R48
_b.C928 1994
100 _aCrichton, Michael
245 _aDisclosure /
_cMichael Crichton.
260 _aNew York :
_bBallantine books,
_c1994.
300 _a497 p. :
_c18 cm.
650 _aFiction
942 _cBK
_2lcc
999 _c19575
_d19575